000 00557nam a22001337a 4500
082 _aMSCCS-4 AHM
100 _aNaveed Ahmed Khan
_998968
245 _aFormal modelling and analysis of energy efficient and secure wireless sensor network (WSN) routing protocol
260 _aIslamabad
_bNUST-SEECS
_c2015
300 _a81p.
_bill.;
_eCD-ROM
500 _aSupervisors: Formal modelling and analysis of energy efficient and secure wireless sensor network (WSN) routing protocol
856 _uhttp://10.250.8.41:8080/xmlui/handle/123456789/8035
942 _cPR
_2ddc
999 _c13395
_d13395